| 000 | 00540nam a22001937a 4500 | ||
|---|---|---|---|
| 003 | BD-ChCU | ||
| 005 | 20230718104126.0 | ||
| 008 | 230718b ii ||||| |||| 00| 0 eng d | ||
| 020 | _a9788121923293 | ||
| 040 | _cBD-ChCU | ||
| 082 |
_222 _a570.15195 _bB213i |
||
| 100 |
_aBanerjee,Pranab.Kr _91924 |
||
| 245 |
_aIntroduction to biostatistics : _ba textbook of biometry/ _cPranab Kr Banerjee. |
||
| 250 | _a4r.ed. | ||
| 260 |
_aNew Delhi : _bS.Chand. _cc2018 |
||
| 300 | _a389 P. : | ||
| 650 | 0 |
_aBiostatistics _91925 |
|
| 942 |
_2ddc _cBK _n0 |
||
| 999 |
_c102333 _d102333 |
||